UK/US Translation Match Quiz Stats

Quiz Updated Jan 30, 2013

Challenge
Share
Tweet
Score 0/50 Timer 06:00
0 Plays Today
% Correct
football
95.8%
chips
94.5%
crisps
92.5%
petrol
92%
holiday
91.6%
flat
90.8%
biscuit
90.7%
loo
90.4%
lift
90.4%
motorway
90.3%
mobile
89.9%
knickers
89.6%
sweets
89%
roundabout
88.2%
dustbin
87.4%
fag
85.9%
underground
85.3%
torch
82.1%
hoover
81.3%
snog
80.1%
chemist
79.8%
nappy
79.6%
subway
78.3%
estate car
77.2%
banger
76.5%
% Correct
clingfilm
76.3%
jumper
76%
boot
75.4%
bobby
74.3%
rubber
74%
lorry
72.5%
bonnet
72.2%
pram
71.7%
aubergine
70.6%
flyover
65.5%
silencer
64.3%
row
64.2%
plaster
62.4%
full-stop
61%
courgette
57.9%
paraffin
56.4%
spanner
55.3%
brolly
54.7%
draughts
53.6%
flannel
53.1%
dummy
52.6%
codswallop
51.2%
boffin
44.6%
turn-ups
42.5%
hob
39.5%

You're not logged in!

Compare scores with friends on all Sporcle quizzes.
Join for Free
OR
Log In

You Might Also Like...

Show Comments

Extras

Top Quizzes Today


Score Distribution

Your Account Isn't Verified!

In order to create a playlist on Sporcle, you need to verify the email address you used during registration. Go to your Sporcle Settings to finish the process.

Report this User

Report this user for behavior that violates our Community Guidelines.

Details: